La iglesia católica en Costa Rica durante el siglo XX
Uloženo v:
| Hlavní autor: | |
|---|---|
| Médium: | Neznámo |
| Vydáno: |
San José, Costa Rica:
|
| Témata: | |
| Tagy: |
Přidat tag
Žádné tagy, Buďte první, kdo vytvoří štítek k tomuto záznamu!
|
MARC
| LEADER | 000000000a22000000004500 | ||
|---|---|---|---|
| 001 | 000490 | ||
| 041 | 0 | |a español | |
| 092 | 0 | |a Vida de Iglesia (Revista) | |
| 100 | 1 | |a Soto Valverde, Gustavo Adolfo | |
| 245 | 1 | 0 | |a La iglesia católica en Costa Rica durante el siglo XX |
| 260 | |a San José, Costa Rica: | ||
| 505 | |a Contiene: I Parte: La institucionalidad de la Iglesia Católica en Costa Rica durante el siglo XX--II Parte: Hitos fundamentales de la Iglesia Católica en Costa Rica durante el siglo XX--III Parte: Un balance de la Iglesia Católica en Costa Rica durante el siglo XX | ||
| 650 | 4 | |a IGLESIA CATOLICA EN COSTA RICA | |
| 773 | 0 | |t Vida de Iglesia | |
| 773 | 0 | |g no. 138 (Octubre-Noviembre-Diciembre, 2005) | |
| 773 | 0 | |g 2005 | |
| 773 | 0 | |g 1-80 páginas | |
| 999 | |c 932 |d 932 | ||
